Manchester United Squad 2021-2022 - Statistics

General Stats
  • This quiz has been taken 1,711 times
    1,461 since last reset
  • The average score is 25 of 32
Answer Stats
# Position Nation Player % Correct
1 GK Spain David de Gea
99%
7 FW Portugal Cristiano Ronaldo
96%
5 DF England Harry Maguire
94%
10 FW England Marcus Rashford
94%
6 MF France Paul Pogba
93%
2 DF Sweden Victor Lindelöf
93%
9 FW France Anthony Martial
91%
18 MF Portugal Bruno Fernandes
91%
3 DF Ivory Coast Eric Bailly
88%
17 MF Brazil Fred
86%
23 DF England Luke Shaw
85%
39 MF Scotland Scott McTominay
85%
20 DF Portugal Diogo Dalot
83%
21 FW Uruguay Edinson Cavani
82%
8 MF Spain Juan Mata
82%
19 DF France Raphaël Varane
82%
31 MF Serbia Nemanja Matić
81%
4 DF England Phil Jones
76%
26 GK England Dean Henderson
75%
29 DF DR Congo Aaron Wan-Bissaka
73%
36 FW Sweden Anthony Elanga
73%
25 FW England Jadon Sancho
72%
11 FW England Mason Greenwood
69%
- Coach Norway Ole Gunnar Solskjær
68%
27 DF Brazil Alex Telles
63%
34 MF Netherlands Donny van de Beek
63%
22 GK England Tom Heaton
63%
16 FW Ivory Coast Amad Diallo
60%
14 MF England Jesse Lingard
60%
- Coach England Michael Carrick
54%
- Coach Germany Ralf Rangnick
53%
13 GK England Lee Grant
36%
No matching quizzes found
Score Distribution
Percent of People with Each Score
Percentile by Number Answered
Your Score History
You have not taken this quiz since the last reset